[Event "Taastrup Aktiv-Alliancen E"]
[Site "Taastrup"]
[Date "2002.01.27"]
[Round "4"]
[White "Simkunas, Artur"]
[Black "Hansen, Steen"]
[Result "0-1"]
[WhiteElo "1330"]
[BlackElo "1193"]
[PlyCount "130"]
[EventDate "2002.01.25"]
[EventType "swiss"]
[EventRounds "5"]
[EventCountry "DEN"]
[SourceTitle "EXT 2023"]
[Source "ChessBase"]
[SourceDate "2022.10.05"]
[SourceVersion "1"]
[SourceVersionDate "2022.10.05"]
[SourceQuality "1"]

1. e4 e5 2. Nf3 d6 3. Nc3 Nf6 4. Bc4 Bg4 5. h3 Bxf3 6. Qxf3 Be7 7. 0-0 0-0 8. d3 Nc6 9. Qd1 a6 10. f4 b5 11. Bb3 Nd4 12. f5 c6 13. g4 Nxb3 14. axb3 d5 15. g5 Ne8 16. h4 f6 17. Qh5 fxg5 18. hxg5 Qd6 19. Rf3 g6 20. fxg6 Qxg6 21. Qxg6+ hxg6 22. Rxf8+ Bxf8 23. exd5 b4 24. Ne2 cxd5 25. Bd2 Nc7 26. Kg2 Be7 27. Rf1 Ne6 28. Rg1 Rf8 29. d4 Nxd4 30. Nxd4 exd4 31. Ra1 Rc8 32. Kf3 Rxc2 33. Bf4 Rxb2 34. Rxa6 Rxb3+ 35. Kg4 Kf7 36. Ra7 Ra3 37. Rb7 Ra6 38. Bd2 Ra4 39. Bf4 d3 40. Bd6 b3+ 41. Kf3 Re4 42. Bxe7 Rxe7 43. Rxb3 Re5 44. Rb7+ Re7 45. Rb3 d2 46. Rd3 Re5 47. Kf4 Re4+ 48. Kf3 Ke6 49. Rxd2 Kf5 50. Rg2 d4 51. Ra2 Re3+ 52. Kf2 Kxg5 53. Ra5+ Kf4 54. Rd5 Rd3 55. Ke2 Ke4 56. Rg5 Re3+ 57. Kd2 Rf3 58. Rxg6 Rf2+ 59. Ke1 Rb2 60. Rg4+ Kd3 61. Rg3+ Kc4 62. Kd1 d3 63. Kc1 Rf2 64. Rg4+ Kc3 65. Rg1 Rc2+ 0-1